000 00469nam a22001691a 4500
020 _c0.00
040 _aSSUS - Library - Kalady
082 _aH301 009 VED NAI
_bM88
100 _aVedprakash Amitabh
245 _aNai kahani : pratinidhi hastakchar
_h[Text]
260 _aMathura
_bJawahar Pustakalaya
_c1988
300 _a136p.
600 _aStories Hindi Criticism
700 _aRanjana Sharma
852 _950.00
_r
942 _cBK
999 _c30258
_d30258